Countries That Border Turkey 🇹🇷 - Statistics

General Stats
  • This quiz has been taken 25 times
  • The average score is 6 of 7
Answer Stats
Answer % Correct
Armenia
95%
Greece
95%
Syria
95%
Iraq
89%
Azerbaijan
84%
Bulgaria
79%
Georgia
74%
No matching quizzes found
Score Distribution
Percent of People with Each Score
Percentile by Number Answered
Your Score History
You have not taken this quiz